header

Essential Handbook (Record no. 260860)

MARC details
000 -LEADER
fixed length control field 00233nam a22001097a 4500
020 ## - INTERNATIONAL STANDARD BOOK NUMBER
ISBN 9780545427715
100 ## - MAIN ENTRY--AUTHOR NAME
Personal name Pokemon
245 ## - TITLE STATEMENT
Title Essential Handbook
260 ## - PUBLICATION, DISTRIBUTION, ETC. (IMPRINT)
Place of publication New York
Name of publisher Scholastic
Year of publication 2012
300 ## - PHYSICAL DESCRIPTION
Number of Pages 366 pgs
942 ## - ADDED ENTRY ELEMENTS (KOHA)
Koha item type Long Loan Books

No items available.

© 2026 Rongo University
Contact us: librarian | system librarian | Rongo university